000
00332 a2200169 4500
001
56834
020
_a
8532252427
040
_c
Anchieta - Pituba
100
_a
Galdino, Luiz
240
1
0
_a
Medéia
_l
por
245
1
0
_a
Medéia
300
_a
112
362
0
_a
2005
440
1
_a
FTD
650
4
_a
Literatura juvenil
942
_c
BK
999
_c
56834
_d
56834